Normal view
MARC view
Entry Personal Name
001 - CONTROL NUMBER
- control field: 35681
003 - CONTROL NUMBER IDENTIFIER
- control field: dpl
005 - DATE AND TIME OF LATEST TRANSACTION
- control field: 20111102170523.0
008 - FIXED-LENGTH DATA ELEMENTS
- fixed length control field: 111102|||a|||||| | ||| d
040 ## - CATALOGING SOURCE
- Original cataloging agency: dpl
- Transcribing agency: dpl
100 ## - HEADING--PERSONAL NAME
- Personal name: Menon, Sujatha
670 ## - SOURCE DATA FOUND
- Source citation: Work cat.: (dpl)32909: Kamath, Anjali 35679, Human body:, 2009
670 ## - SOURCE DATA FOUND
- Source citation: Work cat.: (dpl)32909: Kamath, Anjali 35679, Human body:, 2009
